000 00401 a2200133 4500
003 Nust
005 20170207154014.0
040 _cNust
100 _aBruce G, Batchelor and paul F. Whelan
245 _aIntelligent Vision System For Industry (E-Book)
_cBruce G, Batchelor and paul F. Whelan
260 _aUK
_bDublin City University,Glasnevin,Dublin 9,Ireland
_c2002
300 _axix,473.p
651 _aE-Book
942 _2ddc
_cBK
999 _c191358
_d191358